000 00494nam a22001817a 4500
999 _c18528
_d18528
008 200923b xxu||||| |||| 00| 0 eng d
020 _a0170178730
050 _aHB172.5
_b.P75 2009 c.1
245 _aPrinciples of macroeconomics
_cStonecash [et... al.].
250 _a4th ed.
260 _aAustralia
_bCengage Learning
_c2009
300 _axxviii, 473p.
650 _aMacroeconomics
700 _aJoshua Gans
700 _aStephen King
700 _aN. Gregory Mankiw
942 _2lcc
_cBK